Loading...
| History - European | 0 | 6 | 0 | 0 | 60 | 39 | 77.00 | 0 | 2 | 21.35 | 32.89 |
| History - World | 0 | 5 | 0 | 3 | 50 | 97 | 126.00 | 0 | 0 | 2.02 | 14.38 |
| History - American | 0 | 4 | 0 | 1 | 40 | 55 | 91.50 | 0 | 2 | 10.10 | 16.53 |
| History - Other | 0 | 4 | 0 | 1 | 40 | 91 | 108.50 | 0 | 0 | 3.87 | 8.10 |
| Fine Arts - Painting and Sculpture | 0 | 3 | 0 | 1 | 30 | 72 | 98.00 | 0 | 0 | 6.26 | 13.39 |
| Religion | 0 | 2 | 0 | 1 | 20 | 93 | 115.50 | 0 | 0 | 1.26 | 5.37 |
| Fine Arts - Other | 0 | 2 | 0 | 0 | 20 | 99 | 99.50 | 0 | 1 | 4.20 | 11.82 |
| Social Science | 0 | 2 | 1 | 0 | 15 | 73 | 73.50 | 0 | 0 | 5.42 | 6.36 |
| Literature - American | 0 | 1 | 0 | 0 | 10 | 119 | 119.00 | 0 | 0 | 1.42 | 3.64 |
| Literature - World | 0 | 1 | 0 | 0 | 10 | 107 | 107.00 | 0 | 0 | 1.25 | 0.91 |
| Mythology | 0 | 1 | 0 | 1 | 10 | 132 | 132.00 | 0 | 0 | 0.00 | 2.73 |
| Other Academic | 0 | 1 | 0 | 0 | 10 | 88 | 88.00 | 0 | 0 | 11.60 | 6.67 |
| Philosophy | 0 | 1 | 0 | 0 | 10 | 125 | 125.00 | 0 | 0 | 0.00 | 0.83 |
| Popular Culture | 0 | 1 | 0 | 0 | 10 | 46 | 46.00 | 0 | 1 | 21.72 | 26.67 |
| Literature - British | 0 | 1 | 0 | 0 | 10 | 100 | 100.00 | 0 | 0 | 2.50 | 3.64 |
| Literature - European | 0 | 0 | 1 | 0 | -5 | 0.00 | 0 | 0 | 0.00 | 0.00 |